Devinette - Statistiques

Statistiques générales
  • Ce quiz a été pris 130 fois
  • Le résultat moyen est 6 sur 25
Statistiques - réponses
Lettre Réponse % Correct
F France
63%
Q Qatar
51%
S Serbie
49%
E Estonie
47%
V Venezuela
45%
R Russie
38%
I Italie
37%
H Haïti
36%
U Ukraine
30%
G Géorgie
26%
M Mauritanie
24%
L Lettonie
23%
A Arménie
20%
A Autriche
19%
C Chypre
19%
G Gabon
19%
A Azerbaïdjan
16%
M Moldavie
15%
E Egypte
14%
P Panama
13%
B Bulgarie
12%
S Saint-Marin
8%
P Palaos
7%
T Tonga
6%
R Royaume-Uni
5%
Aucun quiz correspondant
Distribution des résultats
% des personnes avec chaque résultat
Percentile par nombre de réponses
Votre historique - résultats
Vous n’avez pas pris ce quiz